000 01042nam a2200265 4500
001 179063
003 ES-MaACL
005 20240129115658.0
008 110825s2011 sp achp |||| |dspa d
020 _a978-84-613-6714-6
080 _a75 Rosales, Eduardo. Testamento de Isabel la Católica
100 1 _aRubio Gil, Luis.
_9100414
245 1 0 _aRosales
_b: El testamento de Isabel la Católica /
_cLuis Rubio Gil.
246 3 8 _aEduardo Rosales
_b: El testamento de Isabel la Católica
260 _a[Madrid] :
_bMolina,
_c[2011] (
_fBoyano Impresión Digital)
300 _a154 p. :
_bil. col. y n. ;
_c27 cm.
500 _aDocumentos: p. 87-132.
504 _aBibliografía: p. 147-153.
600 1 4 _aRosales, Eduardo,
_d1836-1873
_999638
700 1 _aRosales, Eduardo,
_d1836-1873
_999638
852 _aES-MaACL
_9185932
_jA-11453
_bR.146716
_dOlim: N-4457
_xDonación: Luis Rubio Gil
_cDEPO1
903 _9100414
_aRubio Gil, Luis
_ednr
942 _2udc
_cMONOGRAFIA
999 _c179063
_d179063